[Event "23rd Hogeschool Zeeland Open 2019"]
[Site "Vlissingen"]
[Date "2019.08.05"]
[Round "4.1"]
[White "Kamsky, Gata"]
[Black "Hausrath, Daniel"]
[Result "1-0"]
[WhiteElo "2673"]
[BlackElo "2468"]
[Annotator "TA"]
[PlyCount "111"]
[EventDate "2019.08.03"]
[EventType "swiss"]
[EventCountry "NED"]
[SourceTitle "playchess.com"]
[Source "ChessBase"]
[SourceQuality "1"]

{[%evp 14,111,40,36,37,17,33,20,11,21,10,27,20,31,34,35,25,29,25,21,31,24,33,37,36,25,43,37,53,47,47,54,66,54,52,20,25,21,29,24,27,13,26,0,27,17,17,24,17,18,79,63,64,62,99,77,77,68,136,107,124,73,73,73,73,73,309,309,300,300,300,291,300,294,294,291,336,240,440,441,405,325,480,470,496,468,443,449,446,442,411,395,440,444,654,624,1110,987,1077,1060]} 1. e4 d6 2. d4 Nf6 3. Nc3 e5 4. Nf3 Nbd7 5. Bc4 Be7 6. O-O O-O 7. a4 a6 8. Re1 b6 {C41: Philidor Defence} 9. Nd5 (9. h3 Bb7 10. d5 Ne8 11. b4 Bc8 12. a5 b5 13. Bd3 g6 14. Ne2 Ng7 15. c4 bxc4 16. Bxc4 {½-½ (34) Anand,V (2779)-Jobava,B (2702) Doha 2016}) 9... Bb7 10. dxe5 dxe5 {The position is equal.} 11. Nxe7+ Qxe7 12. Nd2 Nc5 {[%cal Rc5e4]} 13. f3 {[#]} b5 $146 ({Predecessor:} 13... Rad8 14. Qe2 Qd7 15. Nb3 Nxa4 16. Bxa6 Bxa6 17. Qxa6 {½-½ (90) Kim,A (2465)-Kazhgaleyev,M (2643) Moscow 2010}) 14. axb5 axb5 15. Rxa8 Rxa8 16. Bf1 c6 17. Nb1 Nfd7 18. Be3 Nf8 19. Nd2 Nfe6 20. c3 h5 21. Qc2 h4 22. b4 Na4 23. Nb3 Bc8 24. Rd1 Bd7 $1 25. h3 Be8 26. Kh2 Qc7 27. Bf2 Qe7 28. Be3 Qc7 29. Kh1 Qe7 30. Nc1 Rc8 31. Nd3 $36 {[%mdl 2048] Black is under pressure.} Rd8 (31... f6 $11) 32. Nxe5 $16 Rxd1 33. Qxd1 Nxc3 34. Qe1 Na4 35. Nd3 Qf6 (35... Nf8 $1 $14) 36. f4 Qc3 37. Qxh4 ({White should try} 37. Qf2) 37... Nb2 38. f5 Nxd3 39. fxe6 Ne5 $2 (39... Qa1 $16 {is a better defense.} 40. Kg1 f6) 40. Qe7 Qe1 41. Qxe8+ Kh7 42. exf7 {[#] White threatens Qg8+ and mate.} Qxf1+ 43. Kh2 {White wants to mate with Qg8+.} Nxf7 44. Qxc6 Ne5 45. Qd5 Qf6 $2 {[#]} (45... Qe2 46. Qxe5 Qxe3 47. Qh5+ (47. Qxb5 Qf4+ 48. Kg1 Qe3+ 49. Kf1 Qf4+ 50. Kg1 Qe3+ 51. Kf1 Qf4+ 52. Kg1 $18) 47... Kg8) 46. Kg1 $18 Nc4 47. Bg5 Qa1+ (47... Qb6+ {was worth a try.} 48. Kh1 Ne3) 48. Kh2 Qe1 49. Qf5+ Kg8 50. Qxb5 Qxe4 51. Qb8+ Kh7 52. Qf4 Qe6 53. Qd4 {White is clearly winning.} Qe2 (53... Qc6 $142 54. Bf4 Qb5) 54. Bf4 Nb2 55. Bd2 Nd1 56. Bc3 {Accuracy: White = 69%, Black = 57%.} 1-0

[Event "23rd Hogeschool Zeeland Open 2019"]
[Site "Vlissingen"]
[Date "2019.08.05"]
[Round "4.2"]
[White "Harika, Dronavalli"]
[Black "L'Ami, Erwin"]
[Result "1/2-1/2"]
[WhiteElo "2492"]
[BlackElo "2633"]
[Annotator "TA"]
[PlyCount "75"]
[EventDate "2019.08.03"]
[EventType "swiss"]
[EventCountry "NED"]
[SourceTitle "playchess.com"]
[Source "ChessBase"]
[SourceQuality "1"]

{[%evp 19,75,12,24,17,12,24,6,16,28,27,50,41,106,52,62,47,59,58,125,118,80,45,60,0,0,0,0,-4,-4,-18,-14,-9,-12,-8,-8,-8,-5,-7,6,0,15,-12,13,12,16,15,31,5,27,27,36,16,16,0,38,0,22,0]} 1. d4 Nf6 2. c4 e6 3. Nc3 Bb4 4. Nf3 b6 5. Bd2 Bb7 6. e3 O-O 7. Bd3 d5 8. cxd5 exd5 9. Rc1 a6 10. O-O Bd6 11. Ne5 {E52: Nimzo-Indian: Rubinstein: 4...0-0 5 Nf3 d5 6 Bd3 b6} c5 12. f4 Nc6 13. Ng4 (13. Ne2 Ne7 14. Be1 Ne4 15. Ng3 cxd4 16. exd4 b5 17. Kh1 f6 18. Ng4 Qd7 {0-1 (38) Duda,J (2717)-Zhigalko,S (2641) Katowice 2017}) 13... Nb4 $146 ({Predecessor:} 13... Be7 14. Nxf6+ Bxf6 15. dxc5 bxc5 16. b3 Nb4 17. Bb1 d4 18. Na4 dxe3 19. Bxe3 {1-0 (35) Sandipan,C (2566)-Ma,Z (2471) Sanya 2017}) 14. Bb1 cxd4 15. exd4 Be7 {[#]} (15... b5 $14) 16. Ne5 (16. Be3 $1 $16) 16... Nc6 17. Be3 $1 Na5 18. Qf3 Bb4 (18... b5 $14) 19. Bf2 $16 Bxc3 20. Qxc3 {aiming for Bh4.} ({Much worse is} 20. bxc3 $6 Ne4 $11) 20... Ne4 21. Qc7 (21. Qh3 $1 $14) 21... Rc8 22. Qxd8 Rfxd8 23. Bxe4 (23. Rxc8 {seems wilder.} Rxc8 24. Re1 f6 25. Nd7 Nc4 26. b3) 23... dxe4 24. b4 Nc6 25. Nxc6 Rxc6 26. Rxc6 Bxc6 $11 {[%mdl 4096] Endgame KRB-KRB} 27. Rc1 Bd5 28. a3 f6 29. Be3 Rd7 30. Kf2 Kf7 31. f5 b5 32. Rc5 Ke7 33. Bf4 Bb7 34. Ke3 Rd5 35. Rc7+ Rd7 36. Rc5 Rd5 37. Rc7+ Rd7 38. Rc5 {Accuracy: White = 43%, Black = 36%.} 1/2-1/2

[Event "23rd Hogeschool Zeeland Open 2019"]
[Site "Vlissingen"]
[Date "2019.08.05"]
[Round "4.3"]
[White "Van Wely, Loek"]
[Black "Leenhouts, Koen"]
[Result "1-0"]
[WhiteElo "2616"]
[BlackElo "2426"]
[Annotator "TA"]
[PlyCount "79"]
[EventDate "2019.08.03"]
[EventType "swiss"]
[EventCountry "NED"]
[SourceTitle "playchess.com"]
[Source "ChessBase"]
[SourceQuality "1"]

{[%evp 15,79,16,72,43,89,86,92,87,87,82,108,53,50,52,76,55,72,72,73,75,82,78,99,87,114,105,100,70,79,81,58,69,66,58,105,103,99,110,215,210,216,219,216,216,210,204,207,209,237,235,234,199,179,148,420,401,432,428,528,447,827,746,1112,1029,1347,1252]} 1. Nf3 Nf6 2. c4 c5 3. d4 cxd4 4. Nxd4 Nc6 5. Nc3 e6 6. g3 Bb4 7. Bg2 O-O 8. O-O a6 (8... Qe7 $11 {keeps the balance.}) 9. Bf4 {A33: Symmetrical English: 2 Nf3 Nf6 3 d4 cxd4 4 Nxd4 e6 5 Nc3 Nc6} Re8 10. Nxc6 bxc6 {[#]} 11. Bd6 $1 {[%cal Rd6b4] White is better.} Bxd6 12. Qxd6 Qe7 13. c5 $146 (13. Rfd1 $16) ({Predecessor:} 13. Qxe7 Rxe7 14. e4 Rb8 15. b3 e5 16. Rfd1 Kf8 {1-0 (40) Kasparov,G (2780)-Ricardi,P (2465) Buenos Aires 1992}) 13... Qxd6 $14 14. cxd6 Rb8 15. Na4 a5 16. Rfd1 Ba6 17. e4 e5 18. b3 Rb4 19. f3 Bc4 20. Rac1 Be6 21. Bf1 g5 $1 22. g4 h5 23. h3 hxg4 24. hxg4 Nxg4 25. fxg4 {And now Bc4 would win.} Rxe4 26. Bh3 Bxg4 (26... Re3 $16 {was worth a try.} 27. Rc3 Rxh3 {[%mdl 64] Remove Defender, Decoy} 28. Rxh3 Bxg4 {[%mdl 64] Double Attack}) 27. Nc5 $18 Rf4 28. Bxg4 Rxg4+ 29. Kf2 Rd8 30. Rc4 Rxc4 31. bxc4 {[%mdl 4096] Endgame KRN-KR} Kg7 {[#]} 32. Re1 $1 {[%cal Re1e5]} f6 33. Kf3 Kg6 34. a4 Rb8 $2 {[%mdl 8192]} (34... Rh8 $16 35. Nxd7 Rd8) 35. Rd1 ({Not} 35. Nxd7 Rd8 $14) 35... Rd8 {and the idea ...f5 leaves Black hopeful.} 36. Ke4 {White is clearly winning.} g4 37. Rh1 Re8 (37... g3 $142 38. Kf3 Rg8 39. Kxg3 (39. Nxd7 Rd8 $16) 39... Kf5+ 40. Kf3 Rg7) 38. Nxd7 f5+ 39. Ke3 Kg5 40. Nc5 {Accuracy: White = 79%, Black = 27%.} 1-0

[Event "23rd Hogeschool Zeeland Open 2019"]
[Site "Vlissingen"]
[Date "2019.08.05"]
[Round "4.4"]
[White "Zwirs, Nico"]
[Black "Ortiz Suarez, Isan Reynaldo"]
[Result "1-0"]
[WhiteElo "2380"]
[BlackElo "2551"]
[Annotator "TA"]
[PlyCount "147"]
[EventDate "2019.08.03"]
[EventType "swiss"]
[EventCountry "NED"]
[SourceTitle "playchess.com"]
[Source "ChessBase"]
[SourceQuality "1"]

{[%evp 24,147,7,20,14,13,28,6,14,18,34,35,21,21,70,62,104,85,117,117,160,144,158,144,169,155,191,193,258,190,180,169,217,196,233,228,212,172,172,148,183,178,180,179,170,157,165,161,154,160,152,152,290,273,337,323,280,177,172,19,13,19,22,8,8,8,8,8,8,8,8,8,8,8,8,8,8,8,8,8,8,8,8,8,8,8,8,0,0,0,0,0,8,8,8,8,8,8,8,8,779,739,29956,29952,12157,10492,8869,8,8,8,8,8,8,8,8,8,8,8,29978,29979,29983,29984,29986,29988,29989,29990]} 1. e4 c5 2. Nf3 d6 3. d4 cxd4 4. Nxd4 Nf6 5. Nc3 a6 6. Be3 e5 7. Nb3 Be7 8. f3 Be6 9. Qd2 O-O 10. O-O-O Nbd7 11. g4 b5 12. g5 Nh5 13. Nd5 Bxd5 $1 {B90: Sicilian Najdorf: Unusual White 6th moves, 6 Be3 Ng4 and 6 Be3 e5} 14. exd5 f6 15. h4 (15. gxf6 Bxf6 16. Kb1 Nf4 17. Na5 Nb6 18. Nc6 Qc7 19. Bxf4 exf4 20. c3 Rae8 21. Rg1 {½-½ (88) So,W (2776)-Wojtaszek,R (2727) Batumi 2018}) 15... Ng3 {The position is equal.} 16. Rg1 {[#]} Nf5 $146 ({Predecessor:} 16... Nxf1 17. Rdxf1 a5 18. Qd3 f5 19. Qxb5 Qc7 20. Qa4 Nb6 21. Bxb6 Qxb6 {½-½ (35) Caspi,I (2461)-Huschenbeth,N (2594) Skopje 2019}) 17. Bf2 {Threatens to win with g6.} fxg5 18. hxg5 g6 19. Na5 Rf7 20. Nc6 $36 {[%mdl 2048] White is really pushing.} Qc7 21. Bd3 Bf8 22. Be4 Re8 23. Kb1 Bg7 24. Qc3 Nf8 25. Qa3 Ra8 (25... Qc8 $142 26. Rh1 Nd7) 26. c4 bxc4 27. Rc1 Nd4 28. Rxc4 {Strongly threatening Nxe5!} Qd7 {intending ...Nxf3.} 29. Nxd4 ({Resist} 29. Bxd4 $6 exd4 30. Rc2 (30. Nxd4 Bxd4 31. Rxd4 Qe7 $16) 30... a5 $16) 29... exd4 30. Bxd4 Bxd4 31. Rxd4 Qa7 32. Rgd1 Qe7 33. Rc4 Nd7 34. Rc6 $1 Ne5 35. Qxd6 ({Don't do} 35. Rxa6 Rxa6 36. Qxa6 Nxf3 $14) 35... Nxc6 36. dxc6 Qxd6 37. Rxd6 $18 {[%mdl 4096] Endgame KRR-KRB} Rc7 (37... Kf8 $16) 38. b4 Kf8 39. Kc2 Ke7 40. Rd1 Rd8 41. Rh1 $2 (41. Bd5 $18) 41... Kd6 $1 $11 42. Kc3 Re7 43. Rd1+ Kc7 44. Rxd8 Kxd8 {KR-KB} 45. Kd4 Kc7 46. a4 Re8 47. Kc5 Re5+ {[%mdl 64] Double Attack} 48. Bd5 $1 Re1 ({Don't go for} 48... Rxg5 $2 49. b5 $18) 49. b5 axb5 50. axb5 {White wants to mate with b6+.} Rb1 51. Bg8 Rc1+ 52. Bc4 Rb1 53. f4 Rb2 54. Bg8 Rc2+ 55. Bc4 Rb2 56. Bg8 Rc2+ 57. Kd4 Rh2 58. Ke5 Rh4 59. Be6 Rh1 60. Kf6 Kd6 61. Bd7 Rb1 $2 {[%mdl 8192] [#]} (61... Rh4 $11) 62. Kg7 $1 $18 {[%cal Rg7h7]} Rxb5 63. Kxh7 Rb4 64. Kxg6 Rxf4 65. Kg7 $2 (65. Kh5 $18 {And now g6 would win.} Rf1 66. g6) 65... Ke7 66. g6 Rf2 67. Bg4 {Threatening mate with c7.} Rc2 $1 68. Kh7 {aiming for g7.} Rc4 69. Bd7 {g7 is the strong threat.} Rh4+ 70. Kg8 {Hoping for g7.} Rc4 $2 {[%mdl 8192] [#]} (70... Rh5 $11) 71. g7 $1 {White mates.} Rc1 72. Bg4 Kf6 73. Kf8 Ra1 74. c7 {Accuracy: White = 69%, Black = 55%.} 1-0

[Event "23rd Hogeschool Zeeland Open 2019"]
[Site "Vlissingen"]
[Date "2019.08.05"]
[Round "4.5"]
[White "Werle, Jan"]
[Black "De Jong, Migchiel"]
[Result "1-0"]
[WhiteElo "2555"]
[BlackElo "2345"]
[Annotator "TA"]
[PlyCount "117"]
[EventDate "2019.08.03"]
[EventType "swiss"]
[EventCountry "NED"]
[SourceTitle "playchess.com"]
[Source "ChessBase"]
[SourceQuality "1"]

{[%evp 9,117,18,52,40,48,41,39,43,51,17,18,18,17,6,19,25,36,31,27,27,62,43,44,33,41,30,52,36,42,32,57,41,72,41,48,45,38,39,58,47,52,63,69,56,59,59,100,106,96,62,102,107,120,95,172,86,138,160,155,131,199,185,343,335,341,336,327,323,327,343,335,340,324,232,413,374,640,637,608,599,575,502,518,523,514,520,601,588,743,622,1093,1095,1058,1010,923,879,1477,966,796,760,1296,1493,29965,29965,29985,29986,29989,671,29988,29989]} 1. d4 e6 2. c4 Bb4+ 3. Nd2 Nf6 4. a3 (4. g3 c5 5. dxc5 O-O 6. Bg2 Bxc5 7. Nh3 d5 8. O-O Nc6 9. Nf4 Bb6 10. cxd5 exd5 11. b3 Bd4 12. Ba3 Bxa1 13. Bxf8 Be5 14. Bc5 Bf5 15. Nd3 Bxd3 16. exd3 Bd4 17. Bxd4 Nxd4 18. Nf3 Qb6 19. Qd2 {½-½ (19) Aleksandrov,A (2574)-Rakhmanov,A (2629) Skopje 2019}) 4... Be7 5. e4 d6 6. Bd3 {A40: Unusual replies to 1 d4} Nbd7 7. Ngf3 e5 8. O-O {White is slightly better.} a5 $146 ({Predecessor:} 8... O-O 9. h3 Re8 10. Re1 Bf8 11. Nf1 exd4 12. Nxd4 Nc5 13. Ng3 a5 14. Bc2 a4 15. Bg5 h6 16. Bd2 g6 {0-1 (89) Khotenashvili,B (2504)-Paehtz,E (2485) Beijing 2014}) 9. b3 O-O 10. Bb2 Re8 11. Re1 Bf8 12. d5 Nh5 13. g3 g6 14. b4 Ng7 15. Qc2 c5 16. bxa5 Rxa5 17. Bc3 Ra7 18. Nh4 Be7 19. Ng2 Rf8 20. f4 f5 21. Nf3 fxe4 22. Bxe4 {[%cal Rf4e5]} Bf6 23. fxe5 Nxe5 24. Nxe5 Bxe5 25. Bxe5 dxe5 26. Qb2 Qd6 27. Nh4 Bf5 28. Bg2 Re8 29. Re3 b6 30. Rae1 Rae7 31. Nf3 Bc8 (31... e4 $16 {was called for.} 32. Nd2 Nh5) 32. Rxe5 (32. Nxe5 $6 Nf5 $14) (32. Nd2 $18 {aiming for Ne4.} Qd8 33. Rb3 (33. Rxe5 Rxe5 34. Rxe5 Qf6 $16)) 32... Nf5 ({Better is} 32... Rxe5 33. Rxe5 (33. Nxe5 Nf5 $16) 33... Rxe5 34. Nxe5 (34. Qxe5 Qxe5 35. Nxe5 Ne8 $16) 34... Qf6) 33. Rxe7 $16 Rxe7 34. Rb1 Ba6 (34... Re3 $16 35. Qxb6 Qxb6 36. Rxb6 Rxa3) 35. Ng5 {Strongly threatening Ne4.} (35. Qxb6 Rb7 $17) 35... Nd4 $2 (35... Bxc4 36. Ne4 Qc7 37. Qxb6 Bd3) 36. Ne4 $18 (36. Qxb6 Re1+ 37. Kf2 Re2+ 38. Kg1 Re1+ 39. Kf2 Qxb6 $11) 36... Qe5 37. Qxb6 {[%mdl 64] [#] Double Attack} Bxc4 38. Qb8+ (38. Nxc5 Ne2+ 39. Kh1 Nc3 $16) (38. Qxc5 Bd3 $16) 38... Qxb8 39. Rxb8+ Kg7 40. d6 ({Stronger than} 40. Nxc5 Re1+ 41. Kf2 Re2+ 42. Kg1 Re1+ 43. Kf2 Re2+ 44. Kg1 Re1+ $11) 40... Rd7 41. Rc8 {Hoping for Rc7.} ({Weaker is} 41. Nxc5 Rxd6 42. Rb4 Bg8 $16) 41... Ne6 $2 {[#]} (41... Be6 {keeps fighting.} 42. Rxc5 Bf5) 42. Bh3 Rb7 $2 (42... Kf7 43. Rh8 (43. Nxc5 Rxd6 44. Bxe6+ Bxe6 $16) 43... Kg7) 43. Bxe6 Rb1+ 44. Kf2 Bxe6 {[%mdl 4096] Endgame KRB-KRN} 45. d7 Rb2+ 46. Ke3 Bxd7 47. Rc7 Rxh2 48. Rxd7+ {KRN-KR} Kf8 49. Nxc5 h5 50. a4 {[%cal Ba3a4,Ba4a5,Ba5a6][%mdl 32]} Ra2 51. Kf4 Ke8 52. Ra7 Rf2+ 53. Ke3 Rg2 54. Ne4 Kd8 55. a5 Kc8 56. a6 Kb8 57. Rb7+ Ka8 58. Kf3 (58. Nc3 $142 Rxg3+ 59. Kd4 Rg4+ 60. Kc5 Rg5+ 61. Nd5 h4 62. Re7 Rxd5+ 63. Kxd5) 58... Rh2 59. Nc3 {Accuracy: White = 69%, Black = 39%.} 1-0

[Event "23rd Hogeschool Zeeland Open 2019"]
[Site "Vlissingen"]
[Date "2019.08.05"]
[Round "4.6"]
[White "Grochal, Joey"]
[Black "Ikonnikov, Vyacheslav"]
[Result "1/2-1/2"]
[WhiteElo "2313"]
[BlackElo "2499"]
[Annotator "TA"]
[PlyCount "43"]
[EventDate "2019.08.03"]
[EventType "swiss"]
[EventCountry "NED"]
[SourceTitle "playchess.com"]
[Source "ChessBase"]
[SourceQuality "1"]

{[%evp 9,43,29,19,11,26,12,56,63,46,46,70,0,6,-14,-15,-11,-8,-3,0,0,0,-18,0,-44,-5,-11,0,-12,0,0,10,7,11,12,11,6]} 1. d4 Nf6 2. c4 e6 3. Nf3 d5 4. Nc3 Bb4 5. Bg5 O-O 6. Qb3 {D38: Queen's Gambit Declined: Ragozin Defence (4 Nf3 Bb4)} (6. cxd5 exd5 7. e3 c5 8. dxc5 Nbd7 9. Rc1 Qa5 10. a3 Bxc3+ 11. Rxc3 Ne4 12. b4 Nxc3 13. Qa1 Qa4 14. Qxc3 a5 15. b5 Nxc5 16. Qxc5 Bf5 17. Qc3 Rfc8 {1-0 (37) Aronian,L (2792)-Nakamura,H (2787) Leuven 2016}) 6... c5 7. e3 Nc6 8. dxc5 {White is slightly better.} h6 9. Bxf6 Qxf6 10. Rd1 (10. O-O-O $14) 10... a5 $11 {[%cal Ba7a5,Ba5a4,Ba4a3,Ba3b2][%mdl 32] [#] aiming for ...a4.} 11. Be2 $146 ({Predecessor:} 11. cxd5 a4 12. Qc2 a3 13. dxc6 axb2 14. Nd4 Ra3 15. Ke2 Bxc3 16. Nb5 Rxa2 {0-1 (27) Harris,R-Knibbs,M England 1953}) 11... a4 $1 {[%cal Ra4b3]} 12. Qc2 a3 {And now ...axb2 would win.} 13. O-O $1 axb2 14. Na4 Ra5 15. Nd4 dxc4 {Strongly threatening ...Qg6.} 16. Bxc4 Bxc5 17. Nxc6 {The position is equal.} bxc6 18. Nxb2 Ba3 19. Na4 Qe7 20. Nb6 Qc7 21. Nxc8 Rxc8 22. Rd3 {Accuracy: White = 67%, Black = 50%.} 1/2-1/2

[Event "23rd Hogeschool Zeeland Open 2019"]
[Site "Vlissingen"]
[Date "2019.08.05"]
[Round "4.7"]
[White "Romanishin, Oleg M"]
[Black "Coenen, Eduard"]
[Result "1-0"]
[WhiteElo "2443"]
[BlackElo "2101"]
[Annotator "RC"]
[PlyCount "81"]
[EventDate "2019.08.03"]
[EventType "swiss"]
[EventCountry "NED"]
[TimeControl "40/5400+30:1800+30"]

1. d4 {[%emt 0:00:00]} g6 {[%emt 0:00:00]} 2. Nf3 {[%emt 0:00:01]} Bg7 {[%emt 0:00:08]} 3. g3 {[%emt 0:00:32]} d6 {[%emt 0:00:52]} 4. Bg2 {[%emt 0:00:12]} Nd7 {[%emt 0:01:51]} 5. O-O {[%emt 0:06:34]} e5 {[%emt 0:03:41]} 6. a4 {[%emt 0:07:35]} h5 {[%emt 0:09:20]} 7. dxe5 {[%emt 0:03:01]} Nxe5 {[%emt 0:00:41]} 8. Nxe5 {[%emt 0:05:45]} Bxe5 {[%emt 0:01:17]} 9. h4 {[%emt 0:00:33]} Ne7 {[%emt 0:04:08]} 10. Nc3 {[%emt 0:03:54]} Nf5 {[%emt 0:05:52]} 11. a5 {[%emt 0:09:44]} a6 {[%emt 0:01:58]} 12. Nd5 {[%emt 0:05:33]} Be6 {[%emt 0:06:16]} 13. Nf4 {[%emt 0:09:08]} Bd7 {[%emt 0:02:40]} 14. Nd3 {[%emt 0:01:38]} Bd4 {[%emt 0:06:16]} 15. e3 {[%emt 0:06:24]} Ba7 {[%emt 0:01:07]} 16. Qf3 {[%emt 0:06:54]} Bc6 {[%emt 0:06:49]} 17. e4 {[%emt 0:00:15]} Nd4 {[%emt 0:03:06]} 18. Qd1 {[%emt 0:00:06]} Ne6 {[%emt 0:01:26]} 19. Nf4 {[%emt 0:01:45]} Nxf4 {[%emt 0:05:41]} 20. Bxf4 {[%emt 0:00:03]} f6 {[%emt 0:02:59]} 21. Qd2 {[%emt 0:04:52]} Qe7 {[%emt 0:01:02]} 22. c4 {[%emt 0:01:51]} O-O-O {[%emt 0:02:13]} 23. b4 {[%emt 0:02:11]} g5 {[%emt 0:00:48]} 24. hxg5 {[%emt 0:01:24]} Rdg8 {[%emt 0:00:53]} 25. b5 {[%emt 0:02:03]} fxg5 {[%emt 0:03:36]} 26. Be3 {[%emt 0:02:09]} Bxe3 {[%emt 0:02:08]} 27. Qxe3 {[%emt 0:00:06]} axb5 {[%emt 0:00:36]} 28. a6 {[%emt 0:01:24]} bxa6 {[%emt 0:08:20]} 29. Rxa6 {[%emt 0:00:40]} Bb7 {[%emt 0:00:21]} 30. Ra7 {[%emt 0:00:10]} Qe5 {[%emt 0:02:28]} 31. Rb1 {[%emt 0:01:10]} b4 {[%emt 0:04:16]} 32. Rxb4 {[%emt 0:01:00]} Bc6 {[%emt 0:00:03]} 33. Qb3 {[%emt 0:08:43]} Kd7 {[%emt 0:04:53]} 34. c5 {[%emt 0:00:32]} Rf8 {[%emt 0:05:07]} 35. cxd6 {[%emt 0:01:44]} Kxd6 {[%emt 0:00:18]} 36. Rc4 {[%emt 0:02:40]} Rd8 {[%emt 0:01:51]} 37. Ra6 {[%emt 0:01:34]} Kd7 {[%emt 0:02:19]} 38. Raxc6 {[%emt 0:01:04]} Rb8 {[%emt 0:00:46]} 39. Rxc7+ {[%emt 0:02:34]} Qxc7 {[%emt 0:00:01]} 40. Rxc7+ {[%emt 0:00:03]} Kxc7 {[%emt 0:00:02]} 41. Qf7+ {[%emt 0:30:17]} 1-0

[Event "23rd Hogeschool Zeeland Open 2019"]
[Site "Vlissingen"]
[Date "2019.08.05"]
[Round "4.8"]
[White "Nebolsina, Vera"]
[Black "Van der Zalm, Marnix"]
[Result "1-0"]
[WhiteElo "2269"]
[BlackElo "2062"]
[Annotator "ChessBase"]
[PlyCount "51"]
[EventDate "2019.08.03"]
[EventType "swiss"]
[EventCountry "NED"]
[SourceTitle "playchess.com"]
[Source "ChessBase"]
[SourceQuality "1"]
[TimeControl "40/5400+30:1800+30"]

1. e4 {[%emt 0:00:00]} g6 {[%emt 0:00:00]} 2. d4 {[%emt 0:00:00]} Bg7 {[%emt 0:00:00]} 3. Nc3 {[%emt 0:00:16]} d6 {[%emt 0:00:03]} 4. Be3 {[%emt 0:00:36]} a6 {[%emt 0:00:22]} 5. Nf3 {[%emt 0:00:59]} Nd7 {[%emt 0:01:41]} 6. Bd3 {[%emt 0:03:02]} e5 {[%emt 0:01:45]} 7. Qd2 {[%emt 0:03:59]} Ngf6 {[%emt 0:01:51]} 8. dxe5 {[%emt 0:14:31]} dxe5 {[%emt 0:02:04]} 9. h3 {[%emt 0:08:01]} b5 {[%emt 0:10:30]} 10. a4 {[%emt 0:02:44]} b4 {[%emt 0:07:20]} 11. Ne2 {[%emt 0:00:26]} Qe7 {[%emt 0:04:13]} 12. c3 {[%emt 0:03:13]} Rb8 {[%emt 0:04:56]} 13. Rc1 {[%emt 0:03:13]} Nc5 {[%emt 0:18:04]} 14. Bxc5 {[%emt 0:02:37]} Qxc5 {[%emt 0:00:30]} 15. cxb4 {[%emt 0:00:20]} Qxb4 {[%emt 0:00:33]} 16. Bb5+ {[%emt 0:01:35]} Rxb5 {[%emt 0:01:56]} 17. axb5 {[%emt 0:00:06]} Qxb5 {[%emt 0:02:05]} 18. Nc3 {[%emt 0:11:54]} Qb3 {[%emt 0:04:14]} 19. O-O {[%emt 0:04:24]} O-O {[%emt 0:02:00]} 20. Rfd1 {[%emt 0:05:00]} Bb7 {[%emt 0:04:11]} 21. Nxe5 {[%emt 0:07:58]} Nxe4 {[%emt 0:07:28]} 22. Nxe4 {[%emt 0:00:08]} Bxe4 {[%emt 0:08:02]} 23. Nd7 {[%emt 0:01:48]} Bxb2 {[%emt 0:12:33]} 24. Nxf8 {[%emt 0:00:58]} Bxc1 {[%emt 0:00:09]} 25. Rxc1 {[%emt 0:01:55]} Kxf8 {[%emt 0:00:11]} 26. Qd8+ {[%emt 0:00:05]} 1-0

[Event "23rd Hogeschool Zeeland Open 2019"]
[Site "Vlissingen"]
[Date "2019.08.05"]
[Round "4.9"]
[White "Lacrosse, Marc"]
[Black "Weber, Dirk"]
[Result "1-0"]
[WhiteElo "2189"]
[BlackElo "2227"]
[Annotator "ChessBase"]
[PlyCount "69"]
[EventDate "2019.08.03"]
[EventType "swiss"]
[EventCountry "NED"]
[SourceTitle "playchess.com"]
[Source "ChessBase"]
[SourceQuality "1"]
[TimeControl "40/5400+30:1800+30"]

1. d4 {[%emt 0:02:20]} Nf6 {[%emt 0:00:14]} 2. c4 {[%emt 0:00:14]} c5 {[%emt 0:00:47]} 3. d5 {[%emt 0:00:33]} b5 {[%emt 0:01:19]} 4. cxb5 {[%emt 0:00:59]} a6 {[%emt 0:00:26]} 5. e3 {[%emt 0:01:18]} e6 {[%emt 0:07:49]} 6. Nc3 {[%emt 0:03:53]} axb5 {[%emt 0:03:54]} 7. Bxb5 {[%emt 0:02:50]} Qa5 {[%emt 0:01:47]} 8. Bd2 {[%emt 0:01:17]} Na6 {[%emt 0:01:46]} 9. a4 {[%emt 0:18:18]} Nb4 {[%emt 0:04:47]} 10. dxe6 {[%emt 0:06:51]} fxe6 {[%emt 0:00:09]} 11. Nf3 {[%emt 0:03:29]} Be7 {[%emt 0:06:45]} 12. O-O {[%emt 0:02:56]} O-O {[%emt 0:04:51]} 13. e4 {[%emt 0:02:51]} d5 {[%emt 0:03:56]} 14. exd5 {[%emt 0:04:05]} exd5 {[%emt 0:00:25]} 15. Na2 {[%emt 0:02:38]} Bg4 {[%emt 0:05:38]} 16. Nxb4 {[%emt 0:01:35]} cxb4 {[%emt 0:00:10]} 17. Qe1 {[%emt 0:07:06]} Bd6 {[%emt 0:17:20]} 18. Ne5 {[%emt 0:02:13]} Bf5 {[%emt 0:05:27]} 19. h3 {[%emt 0:09:40]} Rae8 {[%emt 0:14:04]} 20. Bxe8 {[%emt 0:07:55]} Rxe8 {[%emt 0:00:09]} 21. f4 {[%emt 0:00:47]} Qb6+ {[%emt 0:03:20]} 22. Be3 {[%emt 0:05:24]} d4 {[%emt 0:02:25]} 23. Bf2 {[%emt 0:03:36]} Bd3 {[%emt 0:04:56]} 24. Nd7 {[%emt 0:03:29]} Rxe1 {[%emt 0:04:57]} 25. Nxb6 {[%emt 0:00:04]} Rxf1+ {[%emt 0:00:06]} 26. Rxf1 {[%emt 0:00:05]} Bxf1 {[%emt 0:00:04]} 27. Kxf1 {[%emt 0:00:14]} d3 {[%emt 0:00:22]} 28. Be3 {[%emt 0:02:09]} b3 {[%emt 0:03:08]} 29. a5 {[%emt 0:01:24]} Kf7 {[%emt 0:02:38]} 30. a6 {[%emt 0:00:22]} Bb8 {[%emt 0:00:05]} 31. Nc4 {[%emt 0:00:38]} Nd5 {[%emt 0:00:09]} 32. Bb6 {[%emt 0:02:56]} d2 {[%emt 0:01:06]} 33. Ke2 {[%emt 0:00:16]} Nxf4+ {[%emt 0:00:42]} 34. Kxd2 {[%emt 0:00:07]} Ke6 {[%emt 0:00:17]} 35. Bc7 {[%emt 0:00:46]} 1-0